00670cam a22002051 4500001001300000003000400013005001700017008004100034010001700075035002000092040001800112042001200130050001600142100005500158245010100213260005200314300005400366651002700420999001700447ne 64002749 DLC20260227111806.0870129s1951 ir abch 000 0 perr  ane 64002749  a(OCoLC)23580515 aDLCcMiUdDLC apremarc00aE178b.A5581 aʻĀmirī, Sulṭān Muḥammad,d1892 or 1893-10aTārīkh-i Kishvarhā-yi Muttaḥidah-i Amrikā,ctaʼlīf Salṭan Muḥammad ʻĀmirī. a[Tihrān]bChāp-i Tabānc[muqaddamah 1951] a27, 331 p.billus., facsim., maps, ports.c25 cm. 0aUnited StatesxHistory c47536d47536